| 000 | 00677nam a2200217 4500 | ||
|---|---|---|---|
| 003 | CO-ViMGA | ||
| 020 | _a9789585783072 | ||
| 040 |
_aCO-ViMGA _bspa _cCO-ViMGA |
||
| 082 | 0 | 4 |
_a813.5 _bG72t |
| 100 | 1 |
_aGreen, John. _95595 |
|
| 245 | 1 | 0 |
_aEl teorema Katherine / _cJohn Green. |
| 260 |
_aColombia: _bPenguin Random House Grupo Editorial, S.A.S, _c2014. |
||
| 300 |
_a314 p. : _bil. ; 21 cm |
||
| 534 | _tAn abundance of Katherines. | ||
| 650 | 1 | 4 |
_aAutopercepción - Novela. _96100 |
| 650 | 1 | 4 |
_aMatemáticas - Novela. _96101 |
| 650 | 1 | 4 |
_aNovela estadounidense. _92233 |
| 650 | 1 | 4 |
_aRelaciones humanas - Novela. _96099 |
| 700 | 1 |
_aSobregués, Noemí, _etr. _96102 |
|
| 942 | _cBK | ||
| 999 |
_c11113 _d11113 |
||